Landkreis Heidenheim - Wappen - Statistiken

Allgemein
  • Dieses Quiz wurde 16 mal gespielt
  • Das Durchschnittsergebnis liegt bei 15 aus 30
Antwortstatistiken
Bildquiz Antwort % Korrekt
Heidenheim
100%
Giengen
92%
Schnaitheim
85%
Steinheim
85%
Nattheim
77%
Gerstetten
69%
Herbrechtingen
69%
Dischingen
62%
Mergelstetten
62%
Oggenhausen
62%
Bolheim
54%
Heldenfingen
54%
Hermaringen
54%
Großkuchen
46%
Königsbronn
46%
Niederstotzingen
46%
Sontheim Brenz
46%
Dettingen
38%
Hürben
38%
Itzelberg
38%
Gussenstadt
31%
Heuchlingen
31%
Hohenmemmingen
31%
Oberstotzingen
31%
Zang
31%
Ochsenberg
23%
Stetten ob Lontal
23%
Sachsenhausen
15%
Ballmertshofen
8%
Demmingen
8%
Keine übereinstimmenden Quizze gefunden
Verteilung der Resultate
Anzahl Personen mit jedem Resultat
Perzentil nach korrekt beantworteten Fragen
Ihre Resultats-Entwicklung
Sie haben dieses Quiz noch nicht gespielt